01792nam a2200277Ia 4500952009500000952010700095952010100202999001700303008004100320020001500361050002000376100002900396245006400425260003400489300003500523336001000558337001500568338001300583500006000596500013500656505061600791519004501407650001901452650003101471942001201502 00104070a04b04d2008-09-11l0oQA37.2 S7418p04 002117r2013-05-22t1w2012-06-24yLB 00104070a04b04d2008-09-11l1oQA37.2 S7418p04 002118r2013-05-22s2013-03-14t2w2012-06-24yLB 00102lcc4070a04b04d2017-04-11l0oQA37.2 S7418p05 000619r2023-02-08t1w2017-04-11yLB c62309d62309120625s2005 sp 001 0 spa d a8429151591 4aQA37.2 bS74181 aSteiner, Eriche, autor  aMatemáticas para las ciencias aplicadas c/ Erich Steiner aEspañab: Revertéc, 2005 axii, 610 páginas c; 24 cm.  atexto asin medio  avolumen  aTítulo de la obra original: The chemistry maths book  aEn portada: Sin matemáticas las ciencias no pueden ser, ni explicadas, ni enseñadas , ni aprendidas ( Roger Bacon, 1214-1292) 0 aNúmeros, variables y álgebra Funcionaes algebraicas Funciones trascendentes Derivación Integración Método de integración Sucesiones y series Números complejos Funciones de varias variables Funciones en tres dimensiones Ecuaciones diferenciales de primer orden Ecuaciones diferenciales de segundo orden, Coeficientes Ecuaciones diferenciales de segundo orden, Algunas funciones Ecuaciones en derivados parciales Desarrollo, ortogonales. Análisis de Fourier Vectores Determinantes Matrices y transformaciones lineales El problema de autovalores matriciales Métodos numéricos  aMaterial Complementario / d(05 000619)  4aMATEMÁTICAS  4aQUÍMICA xMATEMÁTICAS  cLB2lcc